Vintage Fashion : Collecting And Wearing Designer Classics (Record no. 5710)
[ view plain ]
| 000 -LEADER | |
|---|---|
| fixed length control field | 01143nam a2200193Ia 4500 |
| 005 - DATE AND TIME OF LATEST TRANSACTION | |
| control field | 20240711154835.0 |
| 008 - FIXED-LENGTH DATA ELEMENTS--GENERAL INFORMATION | |
| fixed length control field | 220524s9999 xx 000 0 und d |
| 020 ## - INTERNATIONAL STANDARD BOOK NUMBER | |
| International Standard Book Number | 9781847325945 |
| 041 ## - LANGUAGE CODE | |
| Language code of text/sound track or separate title | eng |
| 082 ## - DEWEY DECIMAL CLASSIFICATION NUMBER | |
| Classification number | 746.92 |
| Item number | RHO |
| 100 ## - MAIN ENTRY--PERSONAL NAME | |
| Author | Rhodes Zandra |
| 245 ## - TITLE STATEMENT | |
| Title | Vintage Fashion : Collecting And Wearing Designer Classics |
| 260 ## - PUBLICATION, DISTRIBUTION, ETC. | |
| Name of publisher, distributor, etc. | Carlton |
| Date of publication, distribution, etc. | 2010 |
| 300 ## - PHYSICAL DESCRIPTION | |
| Extent | 223 |
| 520 ## - SUMMARY, ETC. | |
| Summary, etc. | • 1900 -29 From the Belle Epoque to the Flapper, Rising Hemlines, Hobble Skirts and the Cocktail Frock<br/>• 1930s The Age of Art Deco, Elsa Schiaparelli, Coco Chanel and Hollywood High Glamour<br/>• 1940s The World at War, the Utility Wardrobe, America Steps in all Hail the New Look<br/>• 1950s Fit or Flounce Silhouettes, Christian Dior and Hubert de Givenchy, a New Luxury<br/>• 1960s Swinging London, Space age Design, cut-Outs and Miniskirts, Psychedelia<br/>• 1970s Punk Fashions and back to Nature, arts and Crafts revivals, Glam rock and the Disco Era<br/>• 1989s Shoulders and Suits, American Tailoring, Puttball Skirts and Mini-Crinis, the Decode of the Body<br/><br/> |
| 650 ## - SUBJECT ADDED ENTRY--TOPICAL TERM | |
| Topical term or geographic name entry element | Vintage Fashion |
| 942 ## - ADDED ENTRY ELEMENTS (KOHA) | |
| Koha item type | Books |
| 906 ## - LOCAL DATA ELEMENT F, LDF (RLIN) | |
| a | 1043 |
| Withdrawn status | Lost status | Source of classification or shelving scheme | Damaged status | Not for loan | Home library | Current library | Date acquired | Vendor | Net Price | Total Checkouts | Full call number | Barcode | Date last seen | Date last checked out | Actual Price | Bill Date | Koha item type | Original Barcode |
|---|---|---|---|---|---|---|---|---|---|---|---|---|---|---|---|---|---|---|
| Dewey Decimal Classification | School of Fashion Technology | School of Fashion Technology | 10/08/2014 | Honesty Sub. Agency | 692.30 | 1 | 746.92 RHO | SOFT-BK-1042 | 18/04/2024 | 05/04/2024 | 692.30 | 08/07/2022 | Books | 001042 |